Nicht anerkannte Staaten, Überseegebiete und Sonderfälle - Flaggen - Statistiken

Allgemein
  • Dieses Quiz wurde 121 mal gespielt
  • Das Durchschnittsergebnis liegt bei 38 aus 77
Antwortstatistiken
Bildquiz Antwort % Korrekt
Wales
95%
Macau
89%
Hong Kong
86%
Gibraltar
83%
England
81%
Grönland
81%
Isle of Man
79%
Mayotte
79%
Palästina
78%
Puerto Rico
78%
Schottland
78%
Guam
75%
Jersey
71%
Kurdistan
71%
West Sahara
71%
Färöer-Inseln
68%
Nordzypern
68%
Norfolkinsel
68%
Åland
67%
Amerikanische Jungferninseln
67%
Guernsey
67%
Neukaledonien
67%
Amerikanisch-Samoa
65%
Aruba
65%
Weihnachtsinsel
65%
Transnistrien
63%
Französisch-Guyana
62%
Kokosinseln
62%
Cook Inseln
59%
Katalonien
59%
Curaçao
57%
Abchasien
56%
Niue
56%
Somaliland
56%
Französisch-Polynesien
54%
Bermuda
51%
Britische Jungferninseln
51%
Guadeloupe
51%
Nördliche Marianen
51%
Tibet
51%
Tokelau
49%
Anguilla
46%
Falklandinseln
46%
Sint Maarten
46%
Britisches Territorium im Indischen Ozean
44%
Südossetien
44%
Bonaire
41%
Französische Süd- und Antarktisgebiete
41%
Wallis und Futuna
41%
Martinique
40%
Baskenland
37%
Saint-Pierre und Miquelon
37%
Saba
35%
St. Helena
35%
Krim
33%
Québec
33%
Montserrat
32%
Pitcairninseln
32%
Saint-Barthélemy
30%
Arzach
29%
Northern Ireland
29%
Südgeorgien und die Südlichen Sandwichinseln
29%
Cayman Islands
27%
Flandern
27%
Turks- und Caicosinseln
27%
Britisches Antarktis-Territorium
24%
La Réunion
22%
Wallonien
22%
Sint Eustatius
21%
Darfur
19%
Ascension
17%
Bougainville
17%
Tristan da Cunha
17%
Tschetschenien
17%
Westpapua
10%
Barotseland
5%
Lord-Howe-Insel
5%
Keine übereinstimmenden Quizze gefunden
Verteilung der Resultate
Anzahl Personen mit jedem Resultat
Perzentil nach korrekt beantworteten Fragen
Ihre Resultats-Entwicklung
Sie haben dieses Quiz noch nicht gespielt